=LDR 00000nam 2200000 4500 =001 INLIS000000000055794 =005 20200917073616 =035 ##$$a 0010-0720000098 =007 ta =008 200917################g##########0#ind## =082 ##$$a 2x7 =084 ##$$a 2x7 MAH i =100 #$$a Mahzar, Armahedi =245 1#$$a Islam masa depan /$c Armahedi Mahzar =260 ##$$a Bandung :$b Pustaka,$c 1993 =300 ##$$a xi, 132 hlm. ; $c 21 x 15 cm. =600 #4$$a Falsafat dan Perkembangan =990 ##$$a 51.265/Pb-93